000 00430nam a22001217a 4500
082 _a220 PRO
100 _aHIRA AFZAL, NAMRA RIAZ, UZMA UBAID, AMIR GHAFOOR
_971623
245 _aPR-SOF-1347-DESIGN AND CONTROL OF FIVE FINGER MYOELECTRIC ANTHROPOID HAND
260 _aISLAMABAD
_bNUST COLLEGE OF EME
_c2014
650 _aDE-MTS-32
_971624
700 _aDR UMAR SHAHBAZ KHAN DR JAVAID IQBAL, DR UMAR SHAHBAZ KHAN
_971625
942 _cCR
999 _c578040
_d578040